000 00836nas a2200277 4500
001 BR2013001477
003 BR-BrBNA
005 20231205121944.0
007 ta
008 230509b bl.|||p| |||| 00| 00por d
040 _aBR-BrBNA
_bpor
_cBiblioteca Nacional de Agricultura
041 _a(Pt)
072 _aL74
100 1 _aTokarnia, C.H.
100 1 _aDöbereiner, J.
245 1 _aIntoxicação experimental por Coutoubea ramosa (Gentianaceae)em bovinos
650 _aBOVINO
650 _aINTOXICAÇÃO
650 _aPLANTA TÓXICA
650 _aGENTIANACEAE
650 _aEXPERIÊNCIA DE LABORATÓRIO
650 _aSINTOMA
773 0 _tPesquisa Veterinária Brasileira (Brazil)
_xISSN 0100-736X
_g(Apr-Jun 1981), v. 1(2) p. 55-60
_wBR2013001477
909 _a202311
_bLúcia
_c55
_dLúcia Elande
942 _2AGRIS
_n0
_cANA
999 _c226131
_d226131